000 00737nam a2200277Ia 4500
003 OSt
005 20220912151547.0
006 a|||||r|||| 00| 0
007 ta
008 220909b |||||||| |||| 00| 0 eng d
024 _a47371
037 _cTextual
040 _aCSL
_beng
_cCSL
041 _aeng
082 _aH41320gD8518, N2
100 _aGupta Harsh A
245 0 _aReserver-Induced earthquakes
260 _aAmsterdam
_bElsevier
_c1992
300 _a364p.
_ccm.
490 _aDevelopments in geotechnical engineering; 64
650 _a Dynamic geology
650 _a Earthquake
650 _aGeology
942 _hH41320gD8518, N2
_cTEXL
_2CC
999 _c71361
_d71361